Представление документа в формате RUSMARC

ПолеНазваниеЗначение
  Тип записи a
  Библиографический уровень m
001 Контрольный номер UONB/MAIN/d7a3fa847c34406284318430ddca45f6
005 Дата корректировки 20260402140134.5
010 Индекс ISBN __
b Уточнения в пер.
d Цена 8 р. 60 к.
9 Тираж 300000 экз.
100 Данные общей обработки __
a Данные общей обработки 20260402d1955 u u0rusy0189 ca
101 Язык документа 0_
a Язык текста rus
102 Страна публикации __
a Страна публикации RU
105 Кодированные данные (монография) __
a Кодированные данные (монография) a z 000ay
200 Заглавие и сведения об ответственности 1_
a Заглавие Стихотворения
a Заглавие Сказки
210 Выходные данные 1_
d Дата издания 1955
215 Физическое описание __
a Объем 512 с.
c Иллюстрации/тип воспроизводства ил., 1 л. портр.
461 Уровень набора _0
1 700 1
a Пушкин
b А. С.
g Александр Сергеевич
c поэт
f 1799-1837
1 2001
a Сочинения
e в 3 томах
f А. С. Пушкин
g вступительная статья, подготовка текста и примечания Д. Д. Благого
v Т. 1
1 2101
a Москва
c Гослитиздат
d 1955-
1 001UONB/MAIN/ebfc8e0a66264121ae3c8fcc32f921cc
1 203
a Текст
b визуальный
c непосредственный
1 215
d 21 см
606 Тематические рубрики 0_
a Основная рубрика Стихи (х. л.)
606 Тематические рубрики 0_
a Основная рубрика Сказки (х. л.)
610 Ключевые слова 0_
a Ключевые слова стихи русские; сказки русские; классики русской литературы 19 в.
686 Индексы других классификаций __
2 Код системы rubbk
a Классификационный индекс 84Р1
801 Источник записи _0
a Страна RU
b Организация Ульяновская ОНБ
c Дата составления 20260402
g Правила каталогизации RCR
801 Источник записи _1
a Страна RU
b Организация Ульяновская ОНБ
c Дата составления 20260402
g Правила каталогизации RCR
901 Тип документа __
t Тип документа n
w Контрольный № источника UONB/MAIN/ebfc8e0a66264121ae3c8fcc32f921cc
909 Создатель записи __
a Создатель записи Горбункова
b Дата создания записи 20260402